00241nam a2200097Ia 4500100002100000654001500021245006100036260002600097300000800123546001200131 aKarandikar/ R.G  aelectronic aElectronic Circuits Analysis and Design-1with Practicals bNanduaNew yorkc2003 a406 aENGLISH